Представление документа в формате MARC21

Поле Инд. ПП Название Значение
Тип записи a
Библиографический уровень b
001 Контрольный номер UNIDUBNA990b0bdb44084d69bb6031222b02ca2a
005 Дата корректировки 20260513235952.3
008 Кодируемые данные 20170331
040 b Код языка каталог. rus
e Правила каталог. PSBO
041 0_ a Код языка текста rus
084 a Индекс другой классификации/Индекс ББК 63.3(2)634-3
245 10 a Заглавие 40 лет Чернобылю
b Продолж. заглавия [подборка статей]
500 a Примечание Тема номера: 40 лет Чернобылю
505 0_ a Форматированное содержание Пожарный Николай Чебышев: Говорю, ребята, у вас полминуты, чтобы исчезнуть отсюда. Не послушали...: Его командировка с Курской АЭС в Припять была дорогой в один конец
b Автор Ванденко А.
505 0_ a Форматированное содержание "С большим приветом к вам курортник и лентяй!..": Последнее письмо Владимира Правика
505 0_ a Форматированное содержание Дымов Отечества: Суздальский реформатор Вадим Дымов возвращает молодость 1000-летнему Суздалю: Правда и ложь о трагедии глазами современников
b Автор Базанов П.
505 0_ a Форматированное содержание "Несчастье не позволяет молчать...": Письма советских трудящихся в ЦК КПСС публикуются впервые
b Автор Пивоваров Н.
b Автор Чагадаева О.
505 0_ a Форматированное содержание "Постыдная статья сидит занозой...": Постоянный автор "Родины" был в первом чернобыльском десанте советских репортеров
b Автор Долгополов Н.
505 0_ a Форматированное содержание Подвиг под дулами автоматов: Американцы сняли безупречный пропагандистский сериал - о спасении шкур, а не душ
b Автор Коц А.
520 0_ a Аннотация Катастрофа на атомной электростанции 26 апреля 1986 года глазами пожарных и ликвидаторов, ученых и жителей пострадавших районов.
600 14 a Персоналии Амосов Николай Михайлович
a Персоналии Воротников Виталий Иванович
a Персоналии Дедков Игорь Александрович
a Персоналии Копелев Лев Зиновьевич
a Персоналии Остерман Лев Абрамович
a Персоналии Печко Дмитрий
a Персоналии Правик Владимир Павлович
a Персоналии Тарковский Андрей Арсеньевич
a Персоналии Чебышев Николай Михайлович
a Персоналии Яцкевич Владимир
650 14 a Основная рубрика внутренняя политика
a Основная рубрика история
653 0_ a Ключевые слова XX век
a Ключевые слова авария на Чернобыльской АЭС
a Ключевые слова атомные электростанции (АЭС)
a Ключевые слова ликвидаторы последствий аварии на ЧАЭС
a Ключевые слова международные отношения
a Ключевые слова общественное мнение
a Ключевые слова пожарные
a Ключевые слова последствия чернобыльской катастрофы
a Ключевые слова Припять
a Ключевые слова Россия
a Ключевые слова советский период
a Ключевые слова СССР
a Ключевые слова Украина
a Ключевые слова Чернобыль
a Ключевые слова чернобыльская авария 26 апреля 1986
a Ключевые слова Чернобыльская АЭС
a Ключевые слова чернобыльская зона отчуждения
a Ключевые слова чернобыльцы
a Ключевые слова эвакуация населения
773 08 t Заглавие источника Родина
d Дата издания источника 2026
g Прочая информация № 4. - С. 10 - 41 : фот., ил.
w Контрольный № источника UNIDUBNAd3f1dc7f83864c1389850c509fe509f0
901 t Тип документа b